| 000 | 00579nam a2200193Ia 4500 | ||
|---|---|---|---|
| 005 | 20250508162002.0 | ||
| 008 | 008 250505s9999 xx 000 0 eng d | ||
| 037 | _aTextual | ||
| 040 |
_aFEDL _beng _cFEDL |
||
| 041 |
_aeng _2eng |
||
| 084 |
_a375, TAW _qFEDL |
||
| 100 |
_aTawney David Ed. _9771958 |
||
| 245 | 0 | _aCurriculum evaluation today: Trends and implications | |
| 245 | 0 | _cSchools Council Researach Studies | |
| 260 |
_aLondon, UK _bMacmillan Education Limited _c1976 |
||
| 300 | _aviii,174p | ||
| 942 |
_cTEXL _h375, TAW |
||
| 999 |
_c1373664 _d1373664 |
||